Strategies for the future eGovernment

Niektoré čiastkové výsledky projektu PRISMA financovaného z prostriedkov 5. rámcového programu EÚ. Analýza a popis koncepcie dlhodobých stratégií rozvoja eGovernmentu a popis vízie stavu eGovernment za horizontom 10 rokov. Čínnosti vykonávané štátnou správou sa posudzujú z hľadiska dopytu po službác...

Full description

Saved in:
Bibliographic Details
Main Author: Millard, Jeremy
Other Authors: Havlíček, Jaroslav, Tichá, Ivana
Format: Book Chapter
Language:English
Subjects:
Tags: Add Tag
No Tags, Be the first to tag this record!

MARC

LEADER 00000naa$a2200000$$$4500
001 0005794
005 20231113140133.9
041 0 |a eng 
044 |a CZ 
245 1 0 |a Strategies for the future eGovernment  |c aut. Jeremy Millard, Jaroslav Havlíček, Ivana Tichá 
520 |a Niektoré čiastkové výsledky projektu PRISMA financovaného z prostriedkov 5. rámcového programu EÚ. Analýza a popis koncepcie dlhodobých stratégií rozvoja eGovernmentu a popis vízie stavu eGovernment za horizontom 10 rokov. Čínnosti vykonávané štátnou správou sa posudzujú z hľadiska dopytu po službách ("front office") a z hľadiska ponuky služieb ("back office"). Doporučenia pre dlhodobé strategické rozhodovania sú odvodené z troch scenárov vývoja Európy do r. 2010: 1. Prosperujúca a spravodlivá Európa, 2. Turbulentná Európa, 3. Recesia a reorientácia. 
610 2 0 |a metodológia 
610 2 0 |a scenáre 
610 2 0 |a koncepcie 
610 2 0 |a stratégia informačná 
610 2 0 |a správa štátna 
610 2 0 |a služby informačné 
610 2 0 |a komunikácia 
610 2 0 |a Európa 
100 1 |a Millard, Jeremy 
700 1 |a Havlíček, Jaroslav 
700 1 |a Tichá, Ivana